Essai sur la signification de la mort / (Record no. 141707)

MARC details
000 -LEADER
campo de control de longitud fija 00655nam a2200205 i 4500
001 - NÚMERO DE CONTROL
campo de control 141707
003 - IDENTIFICADOR DE NÚMERO DE CONTROL
campo de control ES-MaACL
005 - FECHA Y HORA DE LA ÚLTIMA TRANSACCIÓN
campo de control 20250804052222.0
007 - CAMPO FIJO DE DESCRIPCIÓN FÍSICA--INFORMACIÓN GENERAL
campo de control de longitud fija t|
008 - DATOS DE LONGITUD FIJA--INFORMACIÓN GENERAL
campo de control de longitud fija 070927s1948 fr ||||1| fre d
100 1# - ENTRADA PRINCIPAL--NOMBRE DE PERSONA
Nombre de persona Vuillemin, Jules.
9 (RLIN) 115774
245 10 - MENCIÓN DEL TÍTULO
Título Essai sur la signification de la mort /
Mención de responsabilidad, etc. par Jules Vuillemin.
260 ## - PUBLICACIÓN, DISTRIBUCIÓN, ETC.
Lugar de publicación, distribución, etc. Paris :
Nombre del editor, distribuidor, etc. Presses Universitaires de France,
Fecha de publicación, distribución, etc. 1948.
300 ## - DESCRIPCIÓN FÍSICA
Extensión 318 p. ;
Dimensiones 23 cm.
490 1# - MENCIÓN DE SERIE
Mención de serie Bibliothèque de philosophie contemporaine
650 #7 - PUNTO DE ACCESO ADICIONAL DE MATERIA--TÉRMINO DE MATERIA
Término de materia o nombre geográfico como elemento de entrada Muerte
Fuente del encabezamiento o término embne
9 (RLIN) 15241
830 0# - PUNTO DE ACCESO ADICIONAL DE SERIE-TÍTULO UNIFORME
Título uniforme Bibliothèque de philosophie contemporaine
9 (RLIN) 181027
852 ## - LOCALIZACIÓN
Ubicación ES-MaACL
Número de control de estantería C-15348
Sublocalización o colección R.43231
Holdings
Estatus retirado Estado de pérdida Estado de daño No para préstamo Biblioteca de origen Biblioteca actual Ubicación en estantería Fecha de adquisición Fuente de adquisición Total de préstamos Signatura topográfica completa Código de barras Visto por última vez Precio de reemplazo Tipo de ítem Koha
        Biblioteca del Ateneo de Madrid Biblioteca del Ateneo de Madrid Ficheros 17/01/2008     C-15348 1147449 23/02/2023 23/02/2023 Libro impreso